Χωρο-χρονικές μικρο-μορφολογικές μεταβολές στον υποθαλάσσιο παράκτιο χώρο της Ερεσού : πτυχιακή εργασία

Αποθηκεύτηκε σε:
Λεπτομέρειες βιβλιογραφικής εγγραφής
Κύριος συγγραφέας: Νάσρας, Συμεών
Συγγραφή απο Οργανισμό/Αρχή: Πανεπιστήμιο Αιγαίου Σχολή Περιβάλλοντος Τμήμα Επιστημών της Θάλασσας
Μορφή: Thesis Βιβλίο
Γλώσσα:Greek
Δημοσίευση: 2014.
Θέματα:
Διαθέσιμο Online:http://hdl.handle.net/11610/7325
Ετικέτες: Προσθήκη ετικέτας
Δεν υπάρχουν, Καταχωρήστε ετικέτα πρώτοι!

MARC

LEADER 00000cam a2200000 i 4500
001 1/64395
008 150120s2014 gr | ||| |||| ||gre||
035 |l 10120576 
040 |a GR-MyUa  |b gre  |e AACR2 
041 0 |a gre 
082 7 |a 551.457   |2 (22) 
100 1 |a Νάσρας, Συμεών. 
245 1 0 |a Χωρο-χρονικές μικρο-μορφολογικές μεταβολές στον υποθαλάσσιο παράκτιο χώρο της Ερεσού :   |b πτυχιακή εργασία /   |c Νάσρας Συμεών ; επιβλέπων καθηγητής: Χασιώτης Θωμάς. 
260 |c 2014. 
300 |a [χ.α.] :   |b εικ., πίν. ;   |c 30 εκ. 
502 |a Πτυχιακή εργασία – Πανεπιστήμιο Αιγαίου, Λέσβος, 2014. 
650 0 |a Coasts  |z Greece  |z Eresos. 
650 0 0 |a Coast changes  |z Greece  |z Eresos. 
650 0 |a Littoral drift. 
650 0 |a Dissertations, Academic  |z Greece. 
700 1 |a Χασιώτης, Θωμάς,  |e dgs 
710 2 |a Πανεπιστήμιο Αιγαίου  |b Σχολή Περιβάλλοντος  |b Τμήμα Επιστημών της Θάλασσας. 
852 |a INST  |b LESVOS  |c DIATR  |e 20150120  |h 841  |p 005100056251  |q 005100056251  |t DIE  |y 23 
852 |a INST  |b LESVOS  |c DIATR  |e 20150120  |h 842  |p 005100056250  |q 005100056250  |t DIE  |y 23 
856 |u http://hdl.handle.net/11610/7325 
901 |a BIBL1-2015-1 
924 |a Νάσρας  |b Συμεών  |y Λέσβος  |z 2014-11 
970 |a ΤΖΑΦΕΡΗ  |b ΕΥΑΓΓΕΛΙΑ  |z 2015/01/20